000 00262nam a2200097Ia 4500
001 1227328
005 20250827093021.0
008 250824s9999 xx 000 0 und d
245 0 _aZAMANLA RANDEVU
_cORHAN YENİARAS
260 _bPANAMA YAYINLARI
999 _c1227328
_d1227328